00491nam a22001577a 450000500170000001000150001702000230003203500140005503700130006908200110008210000210009324501050011426000370021927000550025630000220031120170818161415.0 aENG-119710 a8190120085c180.00 aEN-103242 bDBAD/PUB a230.35 aRao, V.V.B. Rama aThe walking Shiva of Varanasi :blife, legends and teachings of Trailingaswami /cby V.V.B. Rama Rao aNew DelhibRicha Prakashanc201? aD-36, South Extension Part-One,bNew Delhie110049 axii,177p.c21cm()